000 00360 a2200157 4500
001 74454
020 _a857472025-9
040 _cAnchieta - Colégio São Paulo
100 _aAndreazza, Maria Luiza
240 1 0 _aImigrantes no Brasil
_lpor
245 1 0 _aImigrantes no Brasil
300 _a53
362 0 _a2000
650 4 _aHistória do mundo
942 _cBK
999 _c74454
_d74454